| 000 | 02049nam0a2200409 4500 | ||
|---|---|---|---|
| 001 | RU\NLR\bibl\1346381 | ||
| 005 | 20250615172458.0 | ||
| 010 |
_a978-5-88151-991-9 _9100 |
||
| 021 |
_aRU _b2009-3840 _9212 |
||
| 035 | _a(nilc)EL/0000241560 | ||
| 035 | _aRSL-KNO-004239699 | ||
| 035 | _a(NLR Aleph) 001331504 | ||
| 090 |
_a803320 _c803320 |
||
| 100 | _a20090123d2008 |||y0rusy50 ca | ||
| 101 | 0 | _arus | |
| 102 | _aRU | ||
| 105 | _aa ||||||||| | ||
| 200 | 1 |
_aМеханизм образования очагов газодинамических явлений в соляном породном массиве _fС.С. Андрейко _gФедер. агентство по образованию, Гос. образоват. учреждение высш. проф. образования "Перм. гос. техн. ун-т" |
|
| 210 |
_aПермь _cИзд-во Пермского государственного технического университета _d2008 |
||
| 215 |
_a194, [1] с. _cил. _d21 |
||
| 225 | 1 | _aИнновационный университет XXI века | |
| 225 | 1 |
_aПриоритетные национальные проекты _iОбразование |
|
| 313 | _aПродолжение работы Nзап.581547 | ||
| 320 | _aБиблиогр.: с. 177-193 (223 назв.) | ||
| 606 | 1 |
_aКалийные соли _xМесторождения _xРазработка пластов подверженных выбросам соли и газа _91250104 _3RU\NLR\auth\66511644 |
|
| 606 | 1 |
_aКалийные соли _xДобыча _xГазовыделение _91248706 _3RU\NLR\auth\66510873 |
|
| 686 |
_aД452.174-4,07 _2rubbk |
||
| 686 |
_aИ181.1,45,07 _2rubbk |
||
| 686 | _aИ345.401 | ||
| 700 | 1 |
_aАндрейко _bС. С. _gСергей Семенович _4070 |
|
| 801 | 0 |
_aRU _bПермская ГОУБ _c20090123 _grcr |
|
| 801 | 1 |
_aRU _bПермская ГОУБ _c20090123 |
|
| 801 | 2 |
_aRU _bNLR _c20090326 _grcr |
|
| 942 | _cBOOK | ||
| 980 | _aNB | ||
| 980 | _aNBR | ||